000 00318nam a22001337a 4500
008 181023b xxu||||| |||| 00| 0 eng d
020 _a9780195337808
041 _aeng
080 _a371
100 _a46
101 _aEDU
245 _aWhat's Wrong? Applied Ethicists and their Critics
_cBoonin, D
942 _2udc
_cBK
999 _c50635
_d50635